00701 2200241 4500001002100000005001500021035002000036007000300056008004100059020002200100082000800122084001400130100002300144245010500167250001100272260004700283300003800330700001000368504003000378600002900408990001100437990001100448INLIS00000000000444820191114103336 a0010-1119000075ta191114 g 0 ind  a978-602-7996-25-0 a901 a901 TAU e0 aTAUFIK, Adi Susilo1 aEnsiklopedi Peristiwa-peristiwa penting paling heboh abad 20 /cTaufik Adi Susilo; penyunting, Meita acet. 2 aJogjakarta :bTrans idea publishing,c2017 axxix, 409 hlm. :bilus. ;c24 cm.0 aMEITA aBibliografi: hlm. 408-409 4aSEJARAH. PERISTIWA DUNIA a7159 a a7159 b